VfB Stuttgart Squad 2017-2018 - Statistics

General Stats
  • This quiz has been taken 17 times
  • The average score is 17 of 32
Answer Stats
# Position Nation Player % Correct
2 DF Argentina Emiliano Insúa
94%
23 MF Belgium Orel Mangala
94%
14 FW Greece Anastasios Donis
88%
19 FW DR Congo Chadrac Akolo
88%
6 MF Argentina Santiago Ascacíbar
81%
- Coach Turkey Tayfun Korkut
81%
20 MF Germany Christian Gentner
75%
27 FW Germany Mario Gómez
75%
11 FW Japan Takuma Asano
75%
21 DF France Benjamin Pavard
69%
5 DF Germany Timo Baumgartl
69%
16 GK Germany Ron-Robert Zieler
56%
31 MF Turkey Berkay Özcan
50%
15 FW Guinea-Bissau Carlos Mané
50%
33 FW Germany Daniel Ginczek
50%
24 MF Bosnia and Herzegovina Dženis Burnić
50%
22 MF Ghana Ebenezer Ofori
50%
- Coach Germany Hannes Wolf
50%
28 DF Germany Holger Badstuber
50%
34 FW Denmark Jacob Bruun Larsen
50%
35 DF Poland Marcin Kamiński
50%
7 FW Croatia Josip Brekalo
44%
9 FW Germany Simon Terodde
44%
32 DF Germany Andreas Beck
38%
8 MF Switzerland Anto Grgić
31%
17 MF Germany Erik Thommy
31%
13 GK Germany Jens Grahl
31%
3 DF Germany Dennis Aogo
25%
29 DF Brazil Aílton
19%
26 GK Germany Alexander Meyer
13%
25 DF Germany Matthias Zimmermann
13%
39 MF Germany Nicolas Sessa
0%
No matching quizzes found
Score Distribution
Percent of People with Each Score
Percentile by Number Answered
Your Score History
You have not taken this quiz